| 000 | 01132 a2200217 4500 | ||
|---|---|---|---|
| 001 | 125450 | ||
| 020 | _a8530503538 | ||
| 040 | _cEscola Canadense de Niteroi | ||
| 090 | _aMAC-G1 | ||
| 100 | _aMachado, Ana Maria | ||
| 245 | 1 | 0 | _aGente Bem Diferente |
| 250 | _a1.ed. | ||
| 260 | _aSão Paulo | ||
| 300 |
_bil. _c4 x 17 x 0.7 |
||
| 362 | 0 | _a2004 | |
| 520 | _aDuas crianças - Rodrigo e Andréia - conversam sobre sua família, imaginando que os pais e os avós têm identidades secretas: princesa, pirata, gênio, gigante e fada. A narrativa dialogada mistura cotidiano e imaginação, juntando prosa e verso. Andréia fala em versos (às vezes disfarçados de prosa), Rodrigo, em prosa. Os dois comparam seus familiares com imagens estereotipadas e com personagens de contos de fada e de clássicos infantis. Divertida e poética, a obra chama atenção para as mudanças nos papéis sociais da mulher, do homem e do idoso, além de sugerir a magia e o encanto que podem existir nos pequenos atos do cotidiano. | ||
| 650 | 4 | _aLiteratura Infantil | |
| 650 | 4 | _aFamília | |
| 650 | 4 | _aRelações familiares | |
| 942 | _cBK | ||
| 999 |
_c125450 _d125450 |
||